Bollywood Movies by Picture #5 - Statistics

General Stats
  • This quiz has been taken 292 times
  • The average score is 7 of 10
Answer Stats
Picture Answer % Correct
Dangal
94%
Padmaavat
85%
Queen
81%
My Name Is Khan
80%
12th Fail
74%
Raazi
71%
Haider
62%
Kahaani
60%
Mera Naam Joker
50%
Awara
22%
No matching quizzes found
Score Distribution
Percent of People with Each Score
Percentile by Number Answered
Your Score History
You have not taken this quiz